000
00281 a2200109 4500
001
ART_38600
005
20260410162011.0
008
260409a
245
1
0
_a
Fe y compromiso
100
1
_a
Coppa, Carlos
773
0
_t
Anuario
_g
- NÂș 4 (ene./dic. 2000)
_w
REV38525
999
_c
32228
_d
32228